000 00675nam a22002417a 4500
005 20170124110245.0
010 _a450728
020 _c00.00
035 _a450728
037 _bCen Lib/Ret
040 _aDPL
_bEN
082 _a301.450954
_bSHE
100 _aSher Singh Sher
_997112
245 _aSikligar of punjab /
_cby Sher Singh Sher
246 _b
260 _a[s.l.]
_c[s.n]
270 _b[s.l.]
300 _a415p.
_c21cm(Hb)
500 _aIncludes appendix, bibliographical references and index
650 _aHistory of Sikligar -- Punjab
_997113
650 _aDemography of sikligars
_997114
942 _2ddc
_cEN
_h301.450954
_mSHE
999 _c135449
_d135449